Harold Nicolson: a biography 1930 - 1963 (Record no. 415598)

000 -LEADER
fixed length control field 00481cam a22001457a 4500
008 - FIXED-LENGTH DATA ELEMENTS--GENERAL INFORMATION
fixed length control field 180718b1981 xxu||||| |||| 00| 0 eng d
082 ## - DEWEY DECIMAL CLASSIFICATION NUMBER
Classification number A99 N548 L518/2
100 ## - MAIN ENTRY--PERSONAL NAME
Personal name Lees- Milne, James
245 ## - TITLE STATEMENT
Title Harold Nicolson: a biography 1930 - 1963
Statement of responsibility, etc. by James Lees- Milne
260 ## - PUBLICATION, DISTRIBUTION, ETC.
Place of publication, distribution, etc. London
Name of publisher, distributor, etc. Chatto & Windus
Date of publication, distribution, etc. 1981
300 ## - PHYSICAL DESCRIPTION
Extent xii, 403p
650 ## - SUBJECT ADDED ENTRY--TOPICAL TERM
Topical term or geographic name entry element Diplomats -Great Britain -Biography
650 ## - SUBJECT ADDED ENTRY--TOPICAL TERM
Topical term or geographic name entry element Authors, English -20th century -Biography
650 ## - SUBJECT ADDED ENTRY--TOPICAL TERM
Topical term or geographic name entry element Nicolson, Harold, 1886-1968
Holdings
Withdrawn status Lost status Damaged status Not for loan Permanent Location Current Location Date acquired Full call number Barcode Date last seen Price effective from Koha item type
        Indian Institute of Public Administration Indian Institute of Public Administration 2009-03-05 A99 N548 L518/2 57939 2018-07-21 2018-07-21 Book

Powered by Koha